00325pab a2200121 454500008004000000100002100040245005100061260000900112300001000121362000900131650002600140773003700166180718b1990 xxu||||| |||| 00| 0 eng d aO'Neill, Paul E. aTransforming manager for organisational change c1990 a87-90 aJul. aOrganisational Change aTraining and Development Journal